| 000 | 01027cab a2200301 4500 | ||
|---|---|---|---|
| 001 | ABS58971 | ||
| 008 | 090401t1998 xxu||||| |||| 00| 0 eng d | ||
| 035 | _a(Sirsi) u87071 | ||
| 041 | _aeng | ||
| 100 | _aDabinett, G. | ||
| 245 | _aRealising regeneration benefits from urban infrastructure investment | ||
| 260 | _c1998 | ||
| 350 | _a0 | ||
| 490 |
_aTown Planning Review _v69(2) April 1998, 171-189(19) |
||
| 520 | _aConsiders the effect on urban areas of restructuring in the 1980s and looks at the regeneration policies, using Sheffield as a case study. Reviews research studies which examined the regeneration impacts of £450m of infrastructure investment in Sheffield. | ||
| 650 | _aDEVELOPMENT | ||
| 650 | _aEMPLOYMENT | ||
| 650 |
_aInfrastructure _96246 |
||
| 650 |
_aLand use _96251 |
||
| 650 | _aPROPERTY VALUES | ||
| 650 | _aREGENERATION | ||
| 650 | _aSHEFFIELD | ||
| 650 | _aSOUTH YORKSHIRE SUPERTRAM | ||
| 650 | _aTRANSPORT | ||
| 690 | _aURBAN RENEWAL | ||
| 942 | _n0 | ||
| 948 | _c29/06/1998 | ||
| 999 |
_c54867 _d54867 |
||